Explorations into the nature of the living cell /
Guardado en:
| Autor Principal: | |
|---|---|
| Otros Autores: | |
| Formato: | Libro |
| Idioma: | English |
| Publicado: |
Cambridge :
Published for the Commonwealth Fund by Harvard University Press,
1961.
|
| Etiquetas: |
Agregar Etiqueta
Sin Etiquetas, Sea el primero en etiquetar este registro!
|
| LEADER | 00575nam a22001455a 4500 | ||
|---|---|---|---|
| 001 | EEA.libagro008749 | ||
| 008 | 130809s1961####xxua##########000#0#eng#d | ||
| 005 | 20220624120804.0 | ||
| 245 | 1 | 0 | |a Explorations into the nature of the living cell / |c [by] Robert Chambers [and] Edward L. Chambers. |
| 260 | |a Cambridge : |b Published for the Commonwealth Fund by Harvard University Press, |c 1961. | ||
| 300 | |a 352 p. : |b il. ; |c 24 cm. | ||
| 100 | 1 | |a Chambers, Robert, |d 1881-1957. | |
| 700 | 1 | |a Chambers, Edward Lucas, |d 1917- | |
| 082 | 0 | 4 | |a 574.87 |
| 859 | |a AR-BbBCA |b BIB. AGRONOMIA |h 574.87 |i C442 |p 1964/0003 | ||
